| 000 | 00425nam a2200169Ia 4500 | ||
|---|---|---|---|
| 008 | 221030s9999 xx 000 0 und d | ||
| 020 | _a8121918073 | ||
| 041 | _aEnglish | ||
| 082 |
_a105.23 _bHoo |
||
| 100 | _aS. Hooda | ||
| 245 | 0 |
_aLaboratory Manual For Enviromental Chemistry _cby S. Hooda, S. Kaur |
|
| 260 |
_bS. Chand & Co _aNew Delhi _c1999 |
||
| 300 | _a120 | ||
| 650 | _aChemistry | ||
| 700 | _aS. Kaur | ||
| 942 | _cBK | ||
| 999 |
_c76 _d76 |
||